Tengo miedo torero.
Enregistré dans:
| Auteur principal: | |
|---|---|
| Format: | Inconnue |
| Publié: |
Bogotá, Colombia:
Planeta Colombiana, S.A.,
2021.
|
| Édition: | Segunda edición (Colombia). |
| Collection: | Seix Barral. Biblioteca Breve.
|
| Sujets: | |
| Tags: |
Ajouter un tag
Pas de tags, Soyez le premier à ajouter un tag!
|
MARC
| LEADER | 00000 a2200000 4500 | ||
|---|---|---|---|
| 003 | CL-VaPUC | ||
| 005 | 20221013084106.0 | ||
| 008 | 221007t2021 ||||| |||| 00| 0 eng d | ||
| 999 | |c 438714 |d 438712 | ||
| 020 | |a 978-958-42-9205-6 | ||
| 040 | |c Pontificia Universidad Católica de Valparaíso | ||
| 082 | 7 | |a Ch863 LEM 2021 |2 22 | |
| 100 | |a Lemebel, Pedro |9 860283 |d 1952-2015 |e autor | ||
| 245 | |a Tengo miedo torero. | ||
| 250 | |a Segunda edición (Colombia). | ||
| 260 | |a Bogotá, Colombia: |b Planeta Colombiana, S.A., |c 2021. | ||
| 300 | |a 206 páginas. | ||
| 490 | |a Seix Barral. Biblioteca Breve. | ||
| 583 | |k GC |c 20221007 | ||
| 650 | |a Novelas chilenas |9 265425 | ||
| 650 | |a Literatura chilena |9 877479 | ||
| 942 | |2 ddc |c BK | ||
| 952 | |0 0 |1 0 |2 ddc |4 0 |6 CH_863_000000000000000_LEM_2021 |7 0 |8 A |9 587139 |a BIBENE |b BIBENE |c GEN |d 2022-10-07 |e 3 |g 15486.00 |i 5655067 |l 4 |o Ch863 LEM 2021 |p 5655067 |r 2025-04-04 |s 2025-03-28 |t 1 |v 15486.00 |w 2022-10-07 |y BK |k ICO | ||